[Event "Turniej Blitza na II Lidze Juniorów 2018"]
[Site "Szczyrk, Poland"]
[Date "????.??.??"]
[Round "6.21"]
[White "Tadych, Szymon"]
[Black "Trybus, Daniel"]
[Result "1-0"]
[TimeControl "3'+2\""]
[WhiteElo "1437"]
[BlackElo "1837"]

1. d4 {[%clk 00:03:02]} {[%emt 00:00:01]} Nf6 {[%clk 00:03:04]} 2. c4 {[%clk
00:03:04]} {[%emt 00:00:01]} c6 {[%clk 00:03:05]} 3. Nc3 {[%clk 00:03:05]} d5
{[%clk 00:03:06]} 4. e3 {[%clk 00:03:06]} {[%emt 00:00:01]} a6 {[%clk
00:03:06]} {[%emt 00:00:02]} 5. Bd2 {[%clk 00:03:07]} g6 {[%clk 00:03:07]}
{[%emt 00:00:01]} 6. Nf3 {[%clk 00:03:08]} Bg7 {[%clk 00:03:08]} 7. cxd5 {[%clk
00:03:08]} {[%emt 00:00:03]} cxd5 {[%clk 00:03:10]} 8. Be2 {[%clk 00:03:09]}
{[%emt 00:00:02]} O-O {[%clk 00:03:10]} {[%emt 00:00:01]} 9. O-O {[%clk
00:03:09]} {[%emt 00:00:01]} Nc6 {[%clk 00:03:11]} 10. a3 {[%clk 00:03:10]}
{[%emt 00:00:03]} Bg4 {[%clk 00:03:09]} {[%emt 00:00:04]} 11. h3 {[%clk
00:03:11]} {[%emt 00:00:01]} Bf5 {[%clk 00:03:10]} 12. Nh4 {[%clk 00:03:08]}
{[%emt 00:00:04]} Bd7 {[%clk 00:03:11]} {[%emt 00:00:02]} 13. Nf3 {[%clk
00:03:09]} {[%emt 00:00:01]} Rc8 {[%clk 00:03:12]} {[%emt 00:00:01]} 14. Rc1
{[%clk 00:03:10]} Na5 {[%clk 00:03:11]} {[%emt 00:00:03]} 15. Na2 {[%clk
00:03:07]} {[%emt 00:00:05]} Nc4 {[%clk 00:03:09]} {[%emt 00:00:04]} 16. Bxc4
{[%clk 00:03:00]} {[%emt 00:00:09]} dxc4 {[%clk 00:03:10]} {[%emt 00:00:02]} 17.
Nc3 {[%clk 00:02:48]} {[%emt 00:00:13]} b5 {[%clk 00:03:11]} {[%emt 00:00:01]}
18. Qe2 {[%clk 00:02:49]} {[%emt 00:00:01]} Bf5 {[%clk 00:03:12]} {[%emt
00:00:02]} 19. Ne1 {[%clk 00:02:44]} {[%emt 00:00:06]} Nd5 {[%clk 00:03:09]}
{[%emt 00:00:05]} 20. Nxd5 {[%clk 00:02:37]} {[%emt 00:00:09]} Qxd5 {[%clk
00:03:09]} {[%emt 00:00:02]} 21. f3 {[%clk 00:02:38]} Rfd8 {[%clk 00:03:09]}
{[%emt 00:00:03]} 22. Bc3 {[%clk 00:02:37]} {[%emt 00:00:03]} Qd7 {[%clk
00:03:00]} {[%emt 00:00:11]} 23. e4 {[%clk 00:02:37]} Be6 {[%clk 00:02:58]}
{[%emt 00:00:04]} 24. d5 {[%clk 00:02:37]} {[%emt 00:00:02]} Bxh3 {[%clk
00:02:56]} {[%emt 00:00:04]} 25. Bxg7 {[%clk 00:02:31]} {[%emt 00:00:08]} Kxg7
{[%clk 00:02:56]} {[%emt 00:00:01]} 26. gxh3 {[%clk 00:02:30]} {[%emt
00:00:04]} Qxh3 {[%clk 00:02:56]} {[%emt 00:00:02]} 27. Qg2 {[%clk 00:02:31]}
{[%emt 00:00:01]} Qh5 {[%clk 00:02:55]} {[%emt 00:00:03]} 28. Nc2 {[%clk
00:02:30]} {[%emt 00:00:03]} Qe5 {[%clk 00:02:56]} {[%emt 00:00:01]} 29. Ne3
{[%clk 00:02:12]} {[%emt 00:00:20]} Qd4 {[%clk 00:02:56]} {[%emt 00:00:02]} 30.
Qe2 {[%clk 00:02:13]} {[%emt 00:00:01]} f5 {[%clk 00:02:48]} {[%emt 00:00:10]}
31. Rfd1 {[%clk 00:02:13]} {[%emt 00:00:02]} Qe5 {[%clk 00:02:42]} {[%emt
00:00:08]} 32. Ng2 {[%clk 00:02:03]} {[%emt 00:00:12]} f4 {[%clk 00:02:25]}
{[%emt 00:00:20]} 33. Qd2 {[%clk 00:01:56]} {[%emt 00:00:08]} g5 {[%clk
00:02:24]} {[%emt 00:00:03]} 34. Qd4 {[%clk 00:01:56]} {[%emt 00:00:02]} Qxd4+
{[%clk 00:02:23]} {[%emt 00:00:02]} 35. Rxd4 {[%clk 00:01:57]} Kf6 {[%clk
00:02:23]} {[%emt 00:00:03]} 36. Ne1 {[%clk 00:01:53]} {[%emt 00:00:06]} Ke5
{[%clk 00:02:23]} {[%emt 00:00:02]} 37. Rdd1 {[%clk 00:01:51]} {[%emt
00:00:03]} h5 {[%clk 00:02:14]} {[%emt 00:00:11]} 38. Kf2 {[%clk 00:01:52]} g4
{[%clk 00:02:11]} {[%emt 00:00:06]} 39. Nc2 {[%clk 00:01:45]} {[%emt 00:00:09]}
c3 {[%clk 00:02:06]} {[%emt 00:00:07]} 40. bxc3 {[%clk 00:01:27]} {[%emt
00:00:20]} Rxc3 {[%clk 00:02:06]} {[%emt 00:00:02]} 41. Ne1 {[%clk 00:01:28]}
Rxa3 {[%clk 00:02:05]} {[%emt 00:00:04]} 42. Rc6 {[%clk 00:01:21]} {[%emt
00:00:09]} Rd6 {[%clk 00:01:57]} {[%emt 00:00:10]} 43. Nd3+ {[%clk 00:01:07]}
{[%emt 00:00:16]} Kd4 {[%clk 00:01:54]} {[%emt 00:00:06]} 44. Rxd6 {[%clk
00:01:01]} {[%emt 00:00:08]} exd6 {[%clk 00:01:54]} {[%emt 00:00:03]} 45. Nxf4+
{[%clk 00:01:00]} {[%emt 00:00:02]} Ke5 {[%clk 00:01:54]} {[%emt 00:00:02]} 46.
Nd3+ {[%clk 00:01:00]} Kd4 {[%clk 00:01:49]} {[%emt 00:00:06]} 47. Nf4+ {[%clk
00:00:55]} {[%emt 00:00:09]} Ke5 {[%clk 00:01:50]} {[%emt 00:00:01]} 48. Nd3+
{[%clk 00:00:54]} {[%emt 00:00:03]} Kd4 {[%clk 00:01:50]} {[%emt 00:00:02]} 49.
Nf4+ {[%clk 00:00:55]} {[%emt 00:00:02]} Kc4 {[%clk 00:01:50]} {[%emt
00:00:02]} 50. fxg4 {[%clk 00:00:51]} {[%emt 00:00:05]} hxg4 {[%clk 00:01:51]}
{[%emt 00:00:01]} 51. Rc1+ {[%clk 00:00:49]} {[%emt 00:00:04]} Kb4 {[%clk
00:01:51]} {[%emt 00:00:01]} 52. Rb1+ {[%clk 00:00:49]} {[%emt 00:00:03]} Ka4
{[%clk 00:01:51]} 53. Ne2 {[%emt 00:00:03]} b4 {[%clk 00:01:47]} {[%emt
00:00:05]} 54. Nd4 {[%clk 00:00:50]} {[%emt 00:00:02]} Rf3+ {[%clk 00:01:46]}
{[%emt 00:00:02]} 55. Nxf3 {[%clk 00:00:51]} {[%emt 00:00:02]} gxf3 {[%clk
00:01:46]} 56. Kxf3 {[%clk 00:00:52]} a5 {[%clk 00:01:41]} {[%emt 00:00:07]} 57.
e5 {[%clk 00:00:50]} {[%emt 00:00:04]} dxe5 {[%clk 00:01:42]} {[%emt 00:00:01]}
58. Ke4 {[%clk 00:00:51]} Ka3 {[%clk 00:01:43]} {[%emt 00:00:02]} 59. Kxe5
{[%clk 00:00:52]} {[%emt 00:00:01]} Ka2 {[%clk 00:01:44]} {[%emt 00:00:01]} 60.
Rh1 {[%emt 00:00:01]} b3 {[%emt 00:00:01]} 61. d6 {[%clk 00:00:53]} b2 {[%clk
00:01:47]} 62. d7 {[%clk 00:00:54]} {[%emt 00:00:02]} a4 {[%clk 00:01:49]} 63.
d8=Q {[%clk 00:00:53]} {[%emt 00:00:03]} a3 {[%clk 00:01:50]} {[%emt 00:00:01]}
64. Qd5# {[%clk 00:00:53]} {[%emt 00:00:02]} 1-0

[Event "Turniej Blitza na II Lidze Juniorów 2018"]
[Site "Szczyrk, Poland"]
[Date "????.??.??"]
[Round "6.11"]
[White "Gazda, Dominik"]
[Black "Posuniak, Weronika"]
[Result "0-1"]
[TimeControl "3'+2\""]
[WhiteElo "1400"]
[BlackElo "1808"]

1. e4 {[%clk 00:03:03]} d5 {[%clk 00:03:03]} 2. exd5 {[%emt 00:00:02]} Nf6 3.
d4 {[%clk 00:03:04]} {[%emt 00:00:01]} Nxd5 4. c4 Nb6 {[%clk 00:03:07]} 5. Nc3
{[%clk 00:03:05]} {[%emt 00:00:02]} g6 {[%clk 00:03:08]} {[%emt 00:00:02]} 6.
Be3 {[%clk 00:02:55]} {[%emt 00:00:11]} Bg7 {[%clk 00:03:08]} {[%emt 00:00:02]}
7. Qd2 {[%clk 00:02:54]} {[%emt 00:00:04]} O-O {[%clk 00:03:03]} {[%emt
00:00:06]} 8. Nf3 {[%clk 00:02:53]} {[%emt 00:00:04]} Nc6 {[%clk 00:03:01]}
{[%emt 00:00:03]} 9. Rd1 {[%clk 00:02:52]} {[%emt 00:00:04]} Bg4 {[%clk
00:03:00]} {[%emt 00:00:03]} 10. b3 {[%clk 00:02:45]} {[%emt 00:00:09]} a5
{[%clk 00:02:55]} {[%emt 00:00:07]} 11. Be2 {[%clk 00:02:11]} {[%emt 00:00:35]}
e6 {[%clk 00:02:45]} {[%emt 00:00:13]} 12. Ne4 {[%clk 00:02:03]} {[%emt
00:00:10]} a4 {[%clk 00:02:27]} {[%emt 00:00:20]} 13. Bg5 {[%clk 00:02:03]}
{[%emt 00:00:01]} f6 {[%clk 00:02:22]} {[%emt 00:00:08]} 14. Be3 {[%clk
00:02:04]} {[%emt 00:00:01]} axb3 15. axb3 {[%clk 00:02:05]} Re8 {[%clk
00:02:15]} {[%emt 00:00:07]} 16. Nc5 {[%clk 00:02:05]} {[%emt 00:00:01]} Bf8
{[%clk 00:02:00]} {[%emt 00:00:18]} 17. Nd3 {[%clk 00:01:44]} {[%emt 00:00:22]}
Bf5 {[%clk 00:02:00]} {[%emt 00:00:03]} 18. O-O {[%clk 00:01:42]} {[%emt
00:00:04]} Qe7 {[%clk 00:01:55]} {[%emt 00:00:08]} 19. d5 {[%clk 00:01:30]}
{[%emt 00:00:14]} exd5 {[%clk 00:01:53]} {[%emt 00:00:04]} 20. c5 {[%clk
00:01:08]} {[%emt 00:00:24]} Nd7 {[%clk 00:01:49]} {[%emt 00:00:06]} 21. Nf4
{[%clk 00:01:04]} {[%emt 00:00:06]} Nde5 {[%clk 00:01:24]} {[%emt 00:00:26]} 22.
Nxd5 {[%clk 00:00:59]} {[%emt 00:00:07]} Qf7 {[%clk 00:01:19]} {[%emt
00:00:07]} 23. Nxe5 {[%clk 00:00:35]} {[%emt 00:00:26]} Nxe5 {[%clk 00:01:19]}
{[%emt 00:00:02]} 24. Qc3 {[%clk 00:00:33]} {[%emt 00:00:05]} Kh8 {[%clk
00:01:16]} {[%emt 00:00:05]} 25. Rfe1 {[%clk 00:00:30]} {[%emt 00:00:05]} Be4
{[%clk 00:01:14]} {[%emt 00:00:03]} 26. Nf4 {[%clk 00:00:25]} {[%emt 00:00:07]}
Bc6 {[%clk 00:00:59]} {[%emt 00:00:17]} 27. Nd3 {[%clk 00:00:26]} {[%emt
00:00:01]} Bg7 {[%clk 00:00:49]} {[%emt 00:00:13]} 28. Nxe5 {[%clk 00:00:26]}
{[%emt 00:00:01]} Rxe5 {[%clk 00:00:49]} {[%emt 00:00:03]} 29. Bc4 {[%clk
00:00:27]} {[%emt 00:00:01]} Qe7 {[%clk 00:00:47]} {[%emt 00:00:04]} 30. Bf4
{[%clk 00:00:27]} {[%emt 00:00:02]} Re4 {[%clk 00:00:43]} {[%emt 00:00:06]} 31.
Rxe4 {[%clk 00:00:16]} {[%emt 00:00:13]} Qxe4 {[%clk 00:00:40]} {[%emt
00:00:05]} 32. Qg3 {[%clk 00:00:12]} {[%emt 00:00:06]} Re8 {[%clk 00:00:36]}
{[%emt 00:00:06]} 33. Be3 {[%clk 00:00:13]} {[%emt 00:00:02]} f5 {[%clk
00:00:34]} {[%emt 00:00:04]} 34. Bf7 {[%clk 00:00:13]} {[%emt 00:00:02]} Rf8
{[%clk 00:00:32]} {[%emt 00:00:03]} 35. Bxg6 {[%clk 00:00:13]} {[%emt
00:00:02]} hxg6 {[%clk 00:00:27]} {[%emt 00:00:07]} 36. Qxg6 {[%clk 00:00:14]}
{[%emt 00:00:01]} Qg4 {[%clk 00:00:28]} {[%emt 00:00:01]} 37. Qxg4 {[%clk
00:00:13]} {[%emt 00:00:03]} fxg4 {[%clk 00:00:29]} 38. Ra1 {[%clk 00:00:12]}
{[%emt 00:00:04]} Bxa1 {[%clk 00:00:28]} {[%emt 00:00:03]} 0-1

[Event "Turniej Blitza na II Lidze Juniorów 2018"]
[Site "Szczyrk, Poland"]
[Date "????.??.??"]
[Round "6.64"]
[White "Jaszczuk, Mateusz"]
[Black "Franc, Piotr"]
[Result "1/2-1/2"]
[TimeControl "3'+2\""]
[WhiteElo "1351"]
[BlackElo "1135"]

1. e4 {[%emt 00:00:32]} e6 {[%emt 00:00:01]} 2. d4 {[%emt 00:00:02]} d5 {[%emt
00:00:01]} 3. exd5 {[%emt 00:00:02]} exd5 {[%emt 00:00:01]} 4. c4 c6 {[%emt
00:00:05]} 5. Nc3 {[%emt 00:00:01]} Nf6 {[%emt 00:00:02]} 6. Nf3 {[%emt
00:00:02]} Bg4 {[%emt 00:00:02]} 7. cxd5 {[%emt 00:00:06]} cxd5 {[%emt
00:00:10]} 8. Be2 {[%emt 00:00:01]} Bxf3 9. Bxf3 Bb4 {[%emt 00:00:03]} 10. O-O
{[%emt 00:00:06]} Bxc3 {[%emt 00:00:06]} 11. bxc3 {[%emt 00:00:01]} O-O {[%emt
00:00:02]} 12. Qb3 {[%emt 00:00:03]} b6 {[%emt 00:00:17]} 13. Ba3 {[%emt
00:00:03]} Re8 {[%emt 00:00:01]} 14. Rfe1 {[%emt 00:00:02]} Rxe1+ {[%emt
00:00:06]} 15. Rxe1 Nc6 {[%emt 00:00:02]} 16. Qb5 {[%emt 00:00:10]} Na5 {[%emt
00:00:17]} 17. Re5 {[%emt 00:00:33]} Nc4 {[%emt 00:00:11]} 18. Bxd5 {[%emt
00:00:13]} Nxa3 {[%emt 00:00:19]} 19. Qb3 {[%emt 00:00:08]} Nxd5 {[%emt
00:00:13]} 20. Rxd5 {[%emt 00:00:03]} Qe7 {[%emt 00:00:02]} 21. Re5 Qd6 {[%emt
00:00:08]} 22. g3 {[%emt 00:00:06]} a6 {[%emt 00:00:17]} 23. Rd5 {[%emt
00:00:28]} Qe6 {[%emt 00:00:22]} 24. c4 {[%emt 00:00:02]} Qe1+ {[%emt
00:00:07]} 25. Kg2 {[%emt 00:00:01]} Qe4+ {[%emt 00:00:04]} 26. Kg1 {[%emt
00:00:07]} Qb1+ {[%emt 00:00:06]} 27. Qxb1 {[%emt 00:00:03]} Nxb1 {[%emt
00:00:01]} 28. Rd6 {[%emt 00:00:03]} Na3 {[%emt 00:00:07]} 29. Rc6 {[%emt
00:00:19]} g6 {[%emt 00:00:09]} 30. d5 Rd8 {[%emt 00:00:10]} 31. Kf1 {[%emt
00:00:07]} Nxc4 {[%emt 00:00:02]} 32. Rxc4 {[%emt 00:00:01]} Rxd5 33. Rc6
{[%emt 00:00:02]} Ra5 {[%emt 00:00:04]} 34. Rxb6 {[%emt 00:00:07]} Rxa2 {[%emt
00:00:01]} 35. h4 {[%emt 00:00:03]} h5 {[%emt 00:00:03]} 36. Ke1 {[%emt
00:00:07]} a5 {[%emt 00:00:02]} 37. Ra6 {[%emt 00:00:01]} a4 {[%emt 00:00:04]}
38. Ra5 {[%emt 00:00:09]} a3 {[%emt 00:00:02]} 39. Kf1 {[%emt 00:00:19]} Kg7
{[%emt 00:00:04]} 40. Ra6 {[%clk 00:00:29]} {[%emt 00:00:11]} 1/2-1/2

[Event "Turniej Blitza na II Lidze Juniorów 2018"]
[Site "Szczyrk, Poland"]
[Date "????.??.??"]
[Round "6.56"]
[White "Skolska, Emilia"]
[Black "Klim, Juliusz"]
[Result "1-0"]
[TimeControl "3'+2\""]
[WhiteElo "1261"]
[BlackElo "1110"]

1. e4 e5 {[%emt 00:00:02]} 2. Nf3 {[%emt 00:00:01]} Nc6 3. d4 {[%clk 00:03:06]}
{[%emt 00:00:01]} exd4 {[%clk 00:03:01]} {[%emt 00:00:04]} 4. Bc4 {[%clk
00:03:07]} {[%emt 00:00:01]} Bc5 {[%emt 00:00:04]} 5. O-O {[%emt 00:00:01]} Nf6
{[%clk 00:02:59]} {[%emt 00:00:02]} 6. e5 {[%clk 00:03:09]} {[%emt 00:00:01]}
Ng4 {[%clk 00:02:19]} {[%emt 00:00:42]} 7. Bf4 {[%clk 00:03:08]} {[%emt
00:00:03]} O-O {[%emt 00:00:04]} 8. h3 {[%emt 00:00:02]} d5 {[%clk 00:01:34]}
{[%emt 00:00:43]} 9. exd6 {[%clk 00:03:01]} {[%emt 00:00:11]} Nf6 {[%clk
00:01:01]} {[%emt 00:00:35]} 10. dxc7 {[%clk 00:02:50]} {[%emt 00:00:13]} Qe7
{[%emt 00:00:05]} 11. Re1 {[%emt 00:00:02]} Qd7 {[%clk 00:00:57]} {[%emt
00:00:02]} 12. c3 {[%clk 00:02:19]} {[%emt 00:00:33]} Bb6 {[%clk 00:00:48]}
{[%emt 00:00:11]} 13. cxd4 {[%clk 00:02:17]} {[%emt 00:00:04]} Nxd4 {[%clk
00:00:46]} {[%emt 00:00:05]} 14. Nxd4 {[%clk 00:02:04]} {[%emt 00:00:15]} Bxd4
{[%clk 00:00:43]} {[%emt 00:00:04]} 15. Nc3 {[%clk 00:01:54]} {[%emt 00:00:13]}
Bb6 {[%clk 00:00:27]} {[%emt 00:00:17]} 16. Qxd7 {[%clk 00:01:51]} {[%emt
00:00:05]} Bxd7 {[%clk 00:00:28]} {[%emt 00:00:02]} 17. Nd5 {[%clk 00:01:46]}
{[%emt 00:00:07]} Nxd5 {[%clk 00:00:19]} {[%emt 00:00:11]} 18. Bxd5 {[%emt
00:00:01]} Rfc8 {[%emt 00:00:02]} 19. Rac1 {[%clk 00:01:45]} {[%emt 00:00:04]}
1-0

[Event "Turniej Blitza na II Lidze Juniorów 2018"]
[Site "Szczyrk, Poland"]
[Date "????.??.??"]
[Round "6.63"]
[White "Huchwajda, Katarzyna"]
[Black "Jedrzejewska, Zuzanna"]
[Result "1-0"]
[TimeControl "3'+2\""]
[WhiteElo "1690"]
[BlackElo "1194"]

1. e4 {[%clk 00:03:03]} {[%emt 00:01:32]} c5 {[%clk 00:03:04]} 2. Nf3 {[%emt
00:00:02]} d6 {[%emt 00:00:01]} 3. d4 {[%clk 00:03:04]} {[%emt 00:00:01]} cxd4
{[%clk 00:03:07]} 4. Nxd4 {[%clk 00:03:05]} Nf6 {[%clk 00:03:07]} 5. Nc3 {[%clk
00:03:07]} {[%emt 00:00:01]} a6 {[%clk 00:03:09]} 6. Bc4 {[%clk 00:03:07]}
{[%emt 00:00:02]} e6 {[%clk 00:03:09]} 7. Bb3 {[%clk 00:03:07]} {[%emt
00:00:02]} Be7 {[%clk 00:03:09]} {[%emt 00:00:02]} 8. O-O {[%clk 00:03:06]}
{[%emt 00:00:02]} O-O {[%clk 00:03:09]} {[%emt 00:00:03]} 9. Be3 {[%clk
00:03:07]} Nbd7 {[%clk 00:03:11]} {[%emt 00:00:01]} 10. Kh1 {[%clk 00:03:05]}
{[%emt 00:00:04]} h6 {[%clk 00:03:11]} {[%emt 00:00:02]} 11. f4 {[%clk
00:02:58]} {[%emt 00:00:08]} b5 {[%clk 00:03:11]} {[%emt 00:00:02]} 12. a3
{[%clk 00:02:59]} Bb7 {[%clk 00:03:12]} {[%emt 00:00:01]} 13. f5 {[%clk
00:02:48]} {[%emt 00:00:13]} exf5 {[%clk 00:03:01]} {[%emt 00:00:14]} 14. Nxf5
{[%clk 00:02:30]} {[%emt 00:00:20]} Nxe4 {[%clk 00:02:55]} {[%emt 00:00:07]} 15.
Nxe4 {[%clk 00:02:14]} {[%emt 00:00:18]} Bxe4 {[%clk 00:02:56]} {[%emt
00:00:02]} 16. Qg4 {[%clk 00:02:01]} {[%emt 00:00:13]} Bxf5 {[%clk 00:02:54]}
{[%emt 00:00:05]} 17. Qxf5 {[%clk 00:01:59]} {[%emt 00:00:04]} Nf6 {[%clk
00:02:42]} {[%emt 00:00:13]} 18. Qf3 {[%clk 00:01:54]} {[%emt 00:00:06]} d5
{[%clk 00:02:35]} {[%emt 00:00:11]} 19. Bd4 {[%clk 00:01:50]} {[%emt 00:00:05]}
Rb8 {[%clk 00:02:23]} {[%emt 00:00:15]} 20. Rad1 {[%clk 00:01:49]} {[%emt
00:00:03]} Qc7 {[%clk 00:02:19]} {[%emt 00:00:06]} 21. Rfe1 {[%clk 00:01:39]}
{[%emt 00:00:11]} Rfe8 {[%clk 00:02:09]} {[%emt 00:00:13]} 22. Be5 {[%clk
00:01:39]} {[%emt 00:00:02]} Bd6 {[%clk 00:02:06]} {[%emt 00:00:05]} 23. Bxf6
{[%clk 00:01:27]} {[%emt 00:00:13]} Rxe1+ {[%clk 00:01:53]} {[%emt 00:00:16]}
24. Rxe1 {[%clk 00:01:28]} {[%emt 00:00:01]} gxf6 {[%clk 00:01:54]} {[%emt
00:00:01]} 25. Qxf6 {[%clk 00:01:17]} {[%emt 00:00:13]} Bf4 {[%clk 00:01:41]}
{[%emt 00:00:16]} 26. Re7 {[%clk 00:00:55]} {[%emt 00:00:22]} Bg5 {[%clk
00:01:36]} {[%emt 00:00:07]} 27. Qxf7+ {[%clk 00:00:54]} {[%emt 00:00:03]} Kh8
{[%clk 00:01:36]} {[%emt 00:00:03]} 28. Qh7# {[%emt 00:00:01]} 1-0

[Event "Turniej Blitza na II Lidze Juniorów 2018"]
[Site "Szczyrk, Poland"]
[Date "????.??.??"]
[Round "6.44"]
[White "Syrkiewicz, Michal"]
[Black "Topola, Rafal"]
[Result "1/2-1/2"]
[TimeControl "3'+2\""]
[WhiteElo "1518"]
[BlackElo "1244"]

1. e4 {[%clk 00:03:03]} c5 {[%clk 00:03:01]} {[%emt 00:00:03]} 2. Nf3 {[%clk
00:03:04]} {[%emt 00:00:01]} e6 {[%clk 00:03:01]} {[%emt 00:00:03]} 3. d4
{[%clk 00:03:05]} cxd4 {[%clk 00:03:02]} {[%emt 00:00:01]} 4. Nxd4 {[%clk
00:03:06]} {[%emt 00:00:01]} Nc6 {[%clk 00:03:03]} {[%emt 00:00:01]} 5. Nc3
{[%clk 00:03:06]} {[%emt 00:00:01]} Qc7 {[%clk 00:03:04]} 6. f3 {[%clk
00:02:54]} {[%emt 00:00:16]} a6 {[%clk 00:03:03]} {[%emt 00:00:02]} 7. Be3
{[%clk 00:02:55]} {[%emt 00:00:01]} Nf6 {[%clk 00:03:03]} {[%emt 00:00:03]} 8.
a3 {[%clk 00:02:54]} {[%emt 00:00:03]} b5 {[%clk 00:03:02]} {[%emt 00:00:03]} 9.
Be2 {[%clk 00:02:52]} {[%emt 00:00:03]} Bb7 {[%clk 00:03:03]} {[%emt 00:00:02]}
10. O-O {[%clk 00:02:51]} {[%emt 00:00:03]} Be7 {[%clk 00:03:00]} {[%emt
00:00:04]} 11. Qd2 {[%clk 00:02:52]} {[%emt 00:00:01]} Rc8 {[%clk 00:02:50]}
{[%emt 00:00:13]} 12. Rad1 {[%clk 00:02:49]} {[%emt 00:00:05]} Ne5 {[%clk
00:02:45]} {[%emt 00:00:07]} 13. Bf4 {[%clk 00:02:31]} {[%emt 00:00:20]} Nc4
{[%clk 00:02:32]} {[%emt 00:00:15]} 14. Bxc4 {[%clk 00:02:28]} {[%emt
00:00:05]} Qxc4 {[%clk 00:02:32]} {[%emt 00:00:01]} 15. Nde2 {[%clk 00:02:18]}
{[%emt 00:00:12]} O-O {[%clk 00:02:22]} {[%emt 00:00:12]} 16. Bd6 {[%clk
00:02:18]} {[%emt 00:00:02]} Bxd6 {[%clk 00:02:15]} {[%emt 00:00:09]} 17. Qxd6
{[%clk 00:02:19]} {[%emt 00:00:02]} Qc6 {[%clk 00:02:15]} {[%emt 00:00:01]} 18.
Kh1 {[%clk 00:02:02]} {[%emt 00:00:20]} Qxd6 {[%clk 00:02:06]} {[%emt
00:00:10]} 19. Rxd6 {[%clk 00:02:03]} {[%emt 00:00:02]} Rfd8 {[%clk 00:01:55]}
{[%emt 00:00:13]} 20. Rfd1 {[%clk 00:02:03]} {[%emt 00:00:01]} Kf8 {[%clk
00:01:53]} {[%emt 00:00:04]} 21. Nf4 {[%clk 00:01:49]} {[%emt 00:00:16]} Ke7
{[%clk 00:01:41]} {[%emt 00:00:15]} 22. R1d2 {[%clk 00:01:49]} {[%emt
00:00:02]} Ne8 {[%clk 00:01:23]} {[%emt 00:00:20]} 23. R6d3 {[%clk 00:01:48]}
{[%emt 00:00:02]} d6 {[%clk 00:01:21]} {[%emt 00:00:04]} 24. Nh5 {[%clk
00:01:37]} {[%emt 00:00:13]} g6 {[%clk 00:01:22]} {[%emt 00:00:01]} 25. Nf4
{[%clk 00:01:37]} {[%emt 00:00:02]} Nf6 {[%clk 00:01:22]} {[%emt 00:00:02]} 26.
Kg1 {[%clk 00:01:33]} {[%emt 00:00:06]} Rd7 {[%clk 00:01:19]} {[%emt 00:00:06]}
27. g4 {[%clk 00:01:27]} {[%emt 00:00:08]} h6 {[%clk 00:01:14]} {[%emt
00:00:06]} 28. h4 {[%clk 00:01:28]} Rcd8 {[%clk 00:01:03]} {[%emt 00:00:13]} 29.
Kg2 {[%clk 00:01:24]} {[%emt 00:00:06]} d5 {[%clk 00:00:58]} {[%emt 00:00:08]}
30. exd5 {[%clk 00:01:23]} {[%emt 00:00:03]} Nxd5 {[%clk 00:00:58]} {[%emt
00:00:02]} 31. Ncxd5+ {[%clk 00:01:19]} {[%emt 00:00:05]} Bxd5 {[%clk
00:00:59]} {[%emt 00:00:02]} 32. Nxd5+ {[%clk 00:01:19]} {[%emt 00:00:02]} Rxd5
{[%clk 00:01:00]} 33. Rxd5 {[%clk 00:01:15]} {[%emt 00:00:06]} Rxd5 {[%clk
00:01:01]} {[%emt 00:00:01]} 34. Re2 {[%clk 00:01:07]} {[%emt 00:00:11]} Kd6
{[%clk 00:00:57]} {[%emt 00:00:05]} 35. Kf2 {[%clk 00:01:05]} {[%emt 00:00:03]}
f6 {[%clk 00:00:54]} {[%emt 00:00:05]} 36. Kg3 {[%clk 00:01:01]} {[%emt
00:00:06]} e5 {[%clk 00:00:51]} {[%emt 00:00:05]} 37. g5 {[%clk 00:00:55]}
{[%emt 00:00:08]} hxg5 {[%clk 00:00:47]} {[%emt 00:00:06]} 38. hxg5 {[%clk
00:00:56]} {[%emt 00:00:01]} f5 {[%clk 00:00:47]} {[%emt 00:00:03]} 39. Kf2
{[%clk 00:00:49]} {[%emt 00:00:09]} Rd4 {[%clk 00:00:45]} {[%emt 00:00:04]} 40.
Ke3 {[%clk 00:00:38]} {[%emt 00:00:12]} Rh4 {[%clk 00:00:45]} {[%emt 00:00:02]}
41. Rd2+ {[%clk 00:00:36]} {[%emt 00:00:05]} Ke6 {[%clk 00:00:46]} {[%emt
00:00:01]} 42. Rd8 {[%clk 00:00:29]} {[%emt 00:00:09]} Rh2 {[%clk 00:00:39]}
{[%emt 00:00:07]} 43. Rc8 {[%clk 00:00:29]} {[%emt 00:00:03]} Rg2 {[%clk
00:00:39]} {[%emt 00:00:03]} 44. Rc6+ {[%clk 00:00:28]} {[%emt 00:00:03]} Kf7
{[%clk 00:00:40]} {[%emt 00:00:01]} 45. Rc7+ {[%clk 00:00:18]} {[%emt
00:00:12]} Kg8 {[%clk 00:00:37]} {[%emt 00:00:04]} 46. Rc8+ {[%clk 00:00:19]}
{[%emt 00:00:02]} Kf7 {[%clk 00:00:38]} 47. Rc7+ {[%clk 00:00:20]} Kg8 {[%clk
00:00:38]} {[%emt 00:00:02]} 1/2-1/2